000 00410cam a2200181ua 4500
020 _c2.00
041 _ahin
_h
082 _a891.54
_bNAR/PR
100 _aNarendra, .
245 _aPravasi ke geeth /
_cNarendra.
_hTextual Documents
250 _a1 /
_b.
260 _a :
_bBharati Bhandar ,
_c1960.
300 _a410 ; .
365 _a2.00
504 _a
942 _cBK
999 _c8419
_d8419